| 000 | 00660nam a2200181 i 4500 | ||
|---|---|---|---|
| 001 | 156514 | ||
| 003 | ES-MaACL | ||
| 005 | 20251005063122.0 | ||
| 008 | 040712s1880 fr |||| | fre d | ||
| 100 | 1 |
_aJurien de La Gravière, Edmond, _d1812-1892 _9164752 |
|
| 245 | 1 | 3 |
_aLa marine des anciens _b: la bataille de Salamine et l'expedition de Sicile / _cpar Jurien de la Gravière. |
| 260 |
_aParis : _bE. Plon et Cie., _c1880. |
||
| 300 |
_a300 p. ; _c19 cm. |
||
| 650 | 0 | 4 |
_aSalamina, Batalla de, 480 a.C. _9147356 |
| 650 | 0 | 7 |
_aArte y ciencia naval _2embne _910333 |
| 852 |
_aES-MaACL _jF-6686 _z-- Enc. pasta española |
||
| 999 |
_c156514 _d156514 |
||